[Event "Turkish Cup 2016"]
[Site "Manavgat TUR"]
[Date "2016.02.04"]
[Round "9.42"]
[White "Sahin, Ozgun"]
[Black "Yanik, Murat"]
[Result "1/2-1/2"]
[WhiteElo "2085"]
[BlackElo "1785"]
[WhiteTeam "BURDUR"]
[BlackTeam "ZONGULDAK"]
[WhiteFideId "6328121"]
[BlackFideId "6329942"]
[EventDate "2016.01.30"]

1. e4 b6 2. d4 Bb7 3. Nc3 e6 4. Nf3 Bb4 5. Bd3 Nf6 6. Qe2 Bxc3+ 7. bxc3 d6 8.
Bg5 h6 9. Bh4 Nbd7 10. O-O e5 11. Rfd1 Qe7 12. Bb5 g5 13. dxe5 dxe5 14. Bg3
O-O-O 15. Ba6 Nh5 16. Bxb7+ Kxb7 17. a4 Nxg3 18. hxg3 a5 19. Rdb1 f6 20. Nd2 Nc5
21. Nc4 Ra8 22. Rb5 Rhd8 23. Rab1 Nxa4 24. Nxa5+ Kc8 25. Qc4 Rxa5 26. Rxa5 bxa5
27. Qxa4 Qc5 28. Rb5 Rd1+ 29. Kh2 Qd6 30. Rxa5 Rh1+ 1/2-1/2

[Event "Turkish Cup 2016"]
[Site "Manavgat TUR"]
[Date "2016.02.04"]
[Round "9.43"]
[White "Esen, Nejdet"]
[Black "Ciftci, Mehmet Emin"]
[Result "1-0"]
[WhiteElo "2058"]
[BlackElo "1874"]
[WhiteTeam "YALOVA"]
[BlackTeam "KARAMAN"]
[WhiteFideId "6305644"]
[BlackFideId "6312721"]
[EventDate "2016.01.30"]

1. e4 d6 2. d4 Nf6 3. Nc3 g6 4. Bg5 Bg7 5. e5 Nfd7 6. Nd5 f6 7. exf6 exf6 8.
Qe2+ Kf7 9. Be3 Nb6 10. Nf4 Nc6 11. O-O-O Nb4 12. Qd2 a5 13. a3 N4d5 14. Nxd5
Nxd5 15. Bh6 c6 16. h4 b5 17. h5 a4 18. Bxg7 Kxg7 19. c4 bxc4 20. Bxc4 Ba6 21.
Bxa6 Rxa6 22. Ne2 Qc8 23. Nf4 Nxf4 24. Qxf4 c5 25. d5 g5 26. h6+ Kf7 27. Qe4 c4
28. Rde1 c3 29. Qe7+ Kg6 30. Qg7+ Kf5 31. g4+ Kxg4 32. Qxf6 cxb2+ 33. Kxb2 1-0

[Event "Turkish Cup 2016"]
[Site "Manavgat TUR"]
[Date "2016.02.04"]
[Round "9.44"]
[White "Ozenir, Ekin Baris"]
[Black "Dogan, Sevval"]
[Result "1/2-1/2"]
[WhiteTitle "CM"]
[WhiteElo "2097"]
[BlackElo "1839"]
[WhiteTeam "MERSIN"]
[BlackTeam "ISTANBUL"]
[WhiteFideId "6357415"]
[BlackFideId "6322565"]
[EventDate "2016.01.30"]

1. d4 Nf6 2. Bg5 e6 3. e4 h6 4. Bxf6 Qxf6 5. c3 d5 6. e5 Qd8 7. Nf3 c5 8. Be2
Nc6 9. O-O Be7 10. a3 cxd4 11. cxd4 O-O 12. b4 Bd7 13. Nbd2 f6 14. b5 Na5 15.
exf6 Bxf6 16. Nb3 Nxb3 17. Qxb3 Rc8 18. a4 Be8 19. Qe3 Qd6 20. Rfe1 Bh5 21. Ne5
Bxe2 22. Qxe2 Bxe5 23. dxe5 Qc5 1/2-1/2

[Event "Turkish Cup 2016"]
[Site "Manavgat TUR"]
[Date "2016.02.04"]
[Round "9.45"]
[White "Inan, Canberk"]
[Black "Olcum, Ahmet"]
[Result "0-1"]
[WhiteElo "1845"]
[BlackElo "2013"]
[WhiteTeam "SAMSUN"]
[BlackTeam "KARAMAN"]
[WhiteFideId "6329055"]
[BlackFideId "6311393"]
[EventDate "2016.01.30"]

1. g3 g6 2. Bg2 Bg7 3. Nf3 d6 4. d4 Nf6 5. O-O O-O 6. c4 Nc6 7. Nc3 h6 8. a3 e5
9. dxe5 dxe5 10. Be3 Be6 11. Qa4 Nd7 12. Rad1 Qc8 13. Nd5 Kh7 14. Qc2 Nb6 15. h4
Bf5 16. Qc1 Bg4 17. Qc2 Rb8 18. b4 Qf5 19. Qa2 Nxd5 20. cxd5 Bxf3 21. Bxf3 Nd4
22. Bxd4 exd4 23. h5 g5 24. Qc4 Be5 25. Qd3 Qxd3 26. Rxd3 f5 27. e3 g4 28. exd4
Bd6 29. Bd1 a5 30. b5 Rbe8 31. Kg2 b6 32. a4 Kg7 33. f3 gxf3+ 34. Rfxf3 Re4 35.
Rxf5 Rxf5 0-1

[Event "Turkish Cup 2016"]
[Site "Manavgat TUR"]
[Date "2016.02.04"]
[Round "9.46"]
[White "Soyek, Ramazan"]
[Black "Cam, Vedat"]
[Result "0-1"]
[WhiteElo "1982"]
[BlackElo "1857"]
[WhiteTeam "BURDUR"]
[BlackTeam "BITLIS"]
[WhiteFideId "6314953"]
[BlackFideId "6383424"]
[EventDate "2016.01.30"]

1. e4 g6 2. d4 Bg7 3. Nf3 Nf6 4. Nc3 d6 5. h3 Nc6 6. Be3 O-O 7. Qd2 e5 8. d5 Ne7
9. O-O-O Nxe4 10. Nxe4 f5 11. Bc4 f4 12. Bc5 b5 13. Bb3 a5 14. a4 b4 15. c3 Bf5
16. Rhe1 Kh8 17. cxb4 dxc5 18. bxc5 Rb8 19. Bc4 Rb4 20. b3 Qd7 21. d6 Nc6 22.
dxc7 Nd4 23. Nxd4 exd4 24. Nd6 Qxc7 25. Re8 Rxe8 26. Nxe8 Qxc5 27. Nxg7 Qxc4+ 0-1

[Event "Turkish Cup 2016"]
[Site "Manavgat TUR"]
[Date "2016.02.04"]
[Round "9.47"]
[White "Demir, Hilmi Mustafa"]
[Black "Dogdu, Mehmet"]
[Result "0-1"]
[WhiteElo "1823"]
[BlackElo "2043"]
[WhiteTeam "ANTALYA"]
[BlackTeam "KONYA"]
[WhiteFideId "6303099"]
[BlackFideId "6315623"]
[EventDate "2016.01.30"]

1. e4 c5 2. Nf3 d6 3. d4 cxd4 4. Nxd4 Nf6 5. Nc3 a6 6. Bg5 e6 7. f4 Qc7 8. Qf3
Be7 9. O-O-O h6 10. Bxf6 Bxf6 11. Kb1 Bd7 12. f5 Bxd4 13. Rxd4 Nc6 14. fxe6 Bxe6
15. Nd5 Qa5 16. Rd1 O-O 17. Bc4 Ne5 18. Qf1 Nxc4 19. Qxc4 Rac8 20. Qd4 Rfe8 21.
Rd3 Bxd5 22. exd5 Re2 23. Rc1 Rxg2 24. Rg3 Rxg3 25. hxg3 Re8 26. c3 Re2 0-1

[Event "Turkish Cup 2016"]
[Site "Manavgat TUR"]
[Date "2016.02.04"]
[Round "9.48"]
[White "Sumer, Gun"]
[Black "Degirmenci, Yagiz"]
[Result "1/2-1/2"]
[WhiteElo "1969"]
[BlackElo "1809"]
[WhiteTeam "SIVAS"]
[BlackTeam "SIIRT"]
[WhiteFideId "6311784"]
[BlackFideId "6352375"]
[EventDate "2016.01.30"]

1. e4 c5 2. Nf3 Nc6 3. d4 cxd4 4. Nxd4 e6 5. Nc3 d5 6. exd5 exd5 7. Bb5 Ne7 8.
O-O a6 9. Ba4 Bd7 10. Re1 Nxd4 11. Qxd4 Bxa4 12. Nxa4 Rc8 13. Nb6 Rc6 14. Nxd5
Re6 15. Rxe6 fxe6 16. Qa4+ b5 17. Qxa6 Qxd5 18. Bf4 g5 19. Be3 Bg7 20. c3 Kf7
21. h3 Be5 22. Qb6 Rb8 23. Qa5 Ra8 24. Qb6 Rxa2 25. Re1 Rxb2 26. Bxg5 Bxc3 27.
Re3 Bd4 28. Rf3+ Qxf3 29. Qxd4 Qxf2+ 30. Qxf2+ Rxf2 31. Kxf2 Nd5 32. Ke2 b4 33.
Kd3 Kg6 34. Bd2 Kf5 35. Kd4 h5 36. g4+ hxg4 37. hxg4+ Kxg4 38. Bxb4 1/2-1/2

[Event "Turkish Cup 2016"]
[Site "Manavgat TUR"]
[Date "2016.02.05"]
[Round "10.1"]
[White "Haznedaroglu, Kivanc"]
[Black "Ali Marandi, Cemil Can"]
[Result "1-0"]
[WhiteTitle "GM"]
[BlackTitle "IM"]
[WhiteElo "2467"]
[BlackElo "2450"]
[WhiteTeam "MANISA"]
[BlackTeam "HATAY"]
[WhiteFideId "6300634"]
[BlackFideId "6300529"]
[EventDate "2016.01.30"]

1. c4 g6 2. g3 c6 3. Bg2 d5 4. Qc2 Nf6 5. Nf3 Bg7 6. O-O O-O 7. d4 Bf5 8. Qb3
Qb6 9. Nc3 Rd8 10. Re1 Nbd7 11. c5 Qxb3 12. axb3 e5 13. b4 Re8 14. Nxe5 Nxe5 15.
dxe5 Rxe5 16. Bf4 Ree8 17. b5 Nd7 18. bxc6 bxc6 19. Bd6 Ne5 20. e4 Nd3 21. Re3
dxe4 22. Nxe4 Nxf2 23. Kxf2 Bd4 24. Ra4 Bxb2 25. Bf4 a5 26. Nd6 Rxe3 27. Bxe3
Bd7 28. Nc4 Bc3 29. Nb6 Rd8 30. Nxd7 Rxd7 31. Bxc6 1-0

[Event "Turkish Cup 2016"]
[Site "Manavgat TUR"]
[Date "2016.02.05"]
[Round "10.2"]
[White "Yilmazyerli, Mert"]
[Black "Erdogdu, Mert"]
[Result "1/2-1/2"]
[WhiteTitle "IM"]
[BlackTitle "IM"]
[WhiteElo "2438"]
[BlackElo "2438"]
[WhiteTeam "KAYSERI"]
[BlackTeam "ISTANBUL"]
[WhiteFideId "6305962"]
[BlackFideId "6301495"]
[EventDate "2016.01.30"]

1. Nf3 Nf6 2. g3 d5 3. Bg2 e6 4. O-O Be7 5. d4 O-O 6. c4 dxc4 7. Qc2 a6 8. a4
Bd7 9. Ne5 Bc6 10. Nxc6 Nxc6 11. e3 Na5 12. Nd2 c5 13. dxc5 Rc8 14. b4 cxb3 15.
Nxb3 Nxb3 16. Qxb3 Nd7 17. Ba3 Nxc5 1/2-1/2

[Event "Turkish Cup 2016"]
[Site "Manavgat TUR"]
[Date "2016.02.05"]
[Round "10.3"]
[White "Arat, Ufuk Sezen"]
[Black "Firat, Burak"]
[Result "0-1"]
[WhiteTitle "IM"]
[BlackTitle "IM"]
[WhiteElo "2421"]
[BlackElo "2452"]
[WhiteTeam "ISTANBUL"]
[BlackTeam "ISTANBUL"]
[WhiteFideId "6309089"]
[BlackFideId "6305881"]
[EventDate "2016.01.30"]

1. d4 Nf6 2. c4 g6 3. f3 d5 4. cxd5 Nxd5 5. e4 Nb6 6. Nc3 Bg7 7. Be3 O-O 8. Qd2
a5 9. h4 Nc6 10. O-O-O a4 11. h5 Na5 12. hxg6 fxg6 13. Bh6 Nac4 14. Bxc4+ Nxc4
15. Qe2 Bxh6+ 16. Rxh6 e6 17. f4 Qd6 18. Nh3 Qb4 19. Rd3 Kg7 20. Rh4 a3 21. b3
Nb2 22. Rg3 Qxd4 23. Ng5 h6 24. Nf3 Qxc3+ 25. Kb1 Qd3+ 26. Qc2 Qf1+ 0-1

[Event "Turkish Cup 2016"]
[Site "Manavgat TUR"]
[Date "2016.02.05"]
[Round "10.4"]
[White "Soysal, Serkan"]
[Black "Koc, Ilkay"]
[Result "1-0"]
[WhiteTitle "FM"]
[WhiteElo "2349"]
[BlackElo "2045"]
[WhiteTeam "KAHRAMANMARAS"]
[BlackTeam "BURSA"]
[WhiteFideId "6349250"]
[BlackFideId "6304486"]
[EventDate "2016.01.30"]

1. d4 Nf6 2. c4 e6 3. Nf3 b6 4. g3 Ba6 5. Qa4 c5 6. dxc5 bxc5 7. Bg2 Bb7 8. O-O
Be7 9. Rd1 O-O 10. Nc3 Ne4 11. Nxe4 Bxe4 12. Bf4 d6 13. a3 a5 14. Rd2 Qb6 15.
Rad1 e5 16. Bg5 f6 17. Be3 Ra6 18. Bh3 Kf7 19. Nh4 Qc6 20. Qb3 Rb6 21. Qc3 a4
22. Nf5 Rd8 23. Qa5 Qb7 24. Nxe7 Kxe7 25. Bxc5 Rc6 26. Be3 Qa6 27. Qb5 Rxc4 28.
Qxa6 Nxa6 29. Bb6 Rb8 30. Rxd6 Bc6 31. Bd8+ Kf7 32. Be6+ 1-0

[Event "Turkish Cup 2016"]
[Site "Manavgat TUR"]
[Date "2016.02.05"]
[Round "10.5"]
[White "Koksal, Ege"]
[Black "Ozen, Deniz"]
[Result "1-0"]
[WhiteTitle "FM"]
[BlackTitle "FM"]
[WhiteElo "2331"]
[BlackElo "2061"]
[WhiteTeam "MANISA"]
[BlackTeam "IZMIR"]
[WhiteFideId "6317626"]
[BlackFideId "6349196"]
[EventDate "2016.01.30"]

1. c4 e5 2. Nc3 Nf6 3. g3 Bb4 4. Bg2 O-O 5. Nf3 Re8 6. O-O Bxc3 7. dxc3 h6 8.
Ne1 d6 9. Nc2 Nc6 10. Ne3 Be6 11. Nd5 Nd7 12. b3 f5 13. e4 fxe4 14. Bxe4 Nf6 15.
Bg2 Bxd5 16. cxd5 Ne7 17. f4 e4 18. c4 c6 19. Bb2 Nf5 20. Qd2 Qb6+ 21. Kh1 Qe3
22. Qd1 Kf7 23. Re1 Qf2 24. Bxf6 Kxf6 25. Bxe4 Qd4 26. Bxf5 Qxd1 27. Raxd1 Kxf5
28. dxc6 bxc6 29. Kg2 Rxe1 30. Rxe1 Kf6 31. Kf3 a5 32. g4 g6 33. Rd1 Ke6 34. Ke4
a4 35. f5+ gxf5+ 36. gxf5+ Ke7 37. Rg1 axb3 38. axb3 Ra2 39. Rg7+ Kf8 40. Rg6
d5+ 41. Ke5 dxc4 42. bxc4 Rxh2 43. Rxc6 h5 44. Kf6 Ke8 45. Rc7 h4 46. Rh7 h3 47.
c5 Rh1 48. c6 Kd8 49. Rd7+ Kc8 50. Rd3 h2 51. Rd2 Kb8 52. Rf2 Kc7 53. Rc2 Kb8
54. Rf2 Kc7 55. Kf7 Kxc6 56. f6 Kd7 57. Kf8 Kd8 58. f7 Kd7 59. Rd2+ Kc7 60. Rg2
Kd7 61. Rc2 Kd8 62. Rg2 Kd7 63. Rf2 Kd8 64. Kg7 Rg1+ 65. Kf6 h1=Q 66. f8=Q+ Kd7
67. Rd2+ Kc7 68. Qd6+ 1-0

[Event "Turkish Cup 2016"]
[Site "Manavgat TUR"]
[Date "2016.02.05"]
[Round "10.6"]
[White "Burcu, Cagatay"]
[Black "Apaydin, Fethi"]
[Result "0-1"]
[BlackTitle "FM"]
[WhiteElo "2193"]
[BlackElo "2234"]
[WhiteTeam "ANTALYA"]
[BlackTeam "ISTANBUL"]
[WhiteFideId "6310630"]
[BlackFideId "6302521"]
[EventDate "2016.01.30"]

1. d4 Nf6 2. Nf3 g6 3. c4 Bg7 4. g3 O-O 5. Bg2 d6 6. O-O Nc6 7. Nc3 a6 8. Bf4
Rb8 9. Rc1 h6 10. d5 Na5 11. Nd2 c5 12. a3 g5 13. Bxg5 hxg5 14. b4 b5 15. bxa5
Qxa5 16. Nce4 Nh7 17. h4 gxh4 18. gxh4 Qa4 19. Qe1 Qxa3 20. f4 Bg4 21. e3 f5 22.
Ng5 b4 23. Ne6 b3 24. Nb1 Qb4 25. Qg3 Rf6 26. e4 Rg6 27. Ng5 Nxg5 28. hxg5 Bd4+
29. Kh1 Rg7 30. Bf3 Rh7+ 31. Kg2 Bh3+ 32. Qxh3 Rxh3 33. Kxh3 b2 34. Rce1 fxe4
35. Rxe4 Qxc4 36. Rfe1 Qd3 37. Kg2 Rb3 0-1

[Event "Turkish Cup 2016"]
[Site "Manavgat TUR"]
[Date "2016.02.05"]
[Round "10.7"]
[White "Gokerkan, Cem Kaan"]
[Black "Ozkan, Ervin"]
[Result "1/2-1/2"]
[WhiteElo "2220"]
[BlackElo "2242"]
[WhiteTeam "ISTANBUL"]
[BlackTeam "BURSA"]
[WhiteFideId "6336760"]
[BlackFideId "6306004"]
[EventDate "2016.01.30"]

1. e4 c6 2. c4 d5 3. exd5 cxd5 4. d4 e6 5. Nc3 Nf6 6. Nf3 dxc4 7. Bxc4 Be7 8.
O-O O-O 9. a3 Nc6 10. Qd3 b6 11. Bb3 Bb7 12. Bc2 Re8 13. Re1 g6 14. Bh6 Rc8 15.
Rad1 Nd5 16. Bc1 Nxc3 17. bxc3 Bf6 18. Ba4 Rf8 19. Bh6 Bg7 20. Bxg7 Kxg7 21. h4
Ne7 22. Bb3 Nd5 23. c4 Nf4 24. Qe3 Qf6 25. Qe5 Bxf3 26. gxf3 Rfd8 27. Qxf6+ Kxf6
28. Re4 g5 29. hxg5+ Kxg5 30. d5 exd5 31. cxd5 Rc3 32. Re3 Rd6 33. Rde1 Rc7 34.
Re7 Rcd7 35. R1e4 Rxe7 36. Rxe7 Kf6 37. Rxa7 Nxd5 38. Rb7 Ne7 39. Kg2 h6 40. Kg1
Rc6 41. Kg2 Rd6 42. Kf1 h5 43. Kg2 Nf5 44. Bxf7 Kg5 45. Be8 Nh4+ 46. Kg3 Nf5+
47. Kg2 Nh4+ 48. Kg3 Nf5+ 49. Kh2 Rd3 50. f4+ Kxf4 51. Bxh5 Rxa3 52. Rxb6 Ra2
53. Kg1 Ra1+ 54. Kh2 Ra2 55. Kg2 Nh4+ 56. Kf1 Ra1+ 57. Ke2 Ra2+ 58. Kf1 Ra1+ 59.
Ke2 Ra2+ 60. Ke1 Nf3+ 61. Bxf3 Kxf3 62. Rf6+ Kg4 63. Kf1 Rb2 64. Kg2 Ra2 65. Rb6
Ra4 66. Rb8 Rc4 67. f3+ Kf4 68. Rf8+ Kg5 69. Kg3 Rc1 70. Ra8 Rc5 71. f4+ Kf6 72.
Kg4 Rc6 73. Rh8 Kg7 74. Rh1 Ra6 75. Rb1 Ra7 76. Rb5 Rc7 77. Kg5 Ra7 78. Re5 Rb7
79. Re6 Rb5+ 80. f5 Rb7 81. Rg6+ Kf7 82. Rh6 Rb5 83. Rh7+ Kg8 84. Ra7 Rb6 85.
Re7 Kf8 86. Rc7 Kg8 87. Ra7 Rc6 88. Re7 Kf8 1/2-1/2

[Event "Turkish Cup 2016"]
[Site "Manavgat TUR"]
[Date "2016.02.05"]
[Round "10.8"]
[White "Ozalp, Burak"]
[Black "Baglan, Esat"]
[Result "0-1"]
[BlackTitle "FM"]
[WhiteElo "2131"]
[BlackElo "2238"]
[WhiteTeam "ANKARA"]
[BlackTeam "ISTANBUL"]
[WhiteFideId "6314210"]
[BlackFideId "6309216"]
[EventDate "2016.01.30"]

1. e4 e6 2. d4 d5 3. Nd2 Be7 4. e5 c5 5. c3 Nc6 6. Bd3 Bd7 7. Ne2 cxd4 8. cxd4
f6 9. Nf3 Qb6 10. a3 Nh6 11. O-O Nf7 12. exf6 Bxf6 13. Be3 O-O 14. b4 Ne7 15.
Nf4 g6 16. Ne5 Bxe5 17. dxe5 Qd8 18. Bd4 Nc6 19. Bc5 Re8 20. Re1 b6 21. Bd6 Nxd6
22. exd6 Qf6 23. g3 Nd4 24. Rc1 Rf8 25. Rc7 Rad8 26. Rf1 e5 27. Nxd5 Qxd6 28.
Qc1 Be6 29. Qh6 Rd7 30. Bxg6 Ne2+ 31. Kg2 Bxd5+ 32. f3 Qxc7 33. Bd3 Nd4 34. Rc1
Bxf3+ 35. Kh3 Qd8 36. Rf1 Qf6 37. Qe3 Qe6+ 0-1

[Event "Turkish Cup 2016"]
[Site "Manavgat TUR"]
[Date "2016.02.05"]
[Round "10.9"]
[White "Kerigan, Demre"]
[Black "Okus, Melih"]
[Result "1-0"]
[WhiteTitle "IM"]
[WhiteElo "2378"]
[BlackElo "2013"]
[WhiteTeam "ISTANBUL"]
[BlackTeam "IZMIR"]
[WhiteFideId "6307841"]
[BlackFideId "6305407"]
[EventDate "2016.01.30"]

1. e4 c5 2. Nf3 Nc6 3. Bb5 g6 4. Bxc6 dxc6 5. h3 Bg7 6. d3 b6 7. O-O e5 8. Be3
Ne7 9. Nc3 h6 10. a3 O-O 11. b4 cxb4 12. axb4 f5 13. Ra3 f4 14. Bc1 g5 15. Nh2
f3 16. Nxf3 g4 17. Nh2 gxh3 18. g3 Qe8 19. Kh1 Qg6 20. Be3 Be6 21. Rg1 h5 22.
Qe2 Kh8 23. Nb1 Ng8 24. Nd2 Nh6 25. f3 Rg8 26. Raa1 Bf6 27. c3 h4 28. g4 Nf7 29.
d4 Rgd8 30. Qf2 Bg5 31. Bxg5 Qxg5 32. f4 Qxf4 33. Qxh4+ Kg7 34. Raf1 Rh8 35.
Qxh8+ Nxh8 36. Rxf4 exf4 37. Nhf3 Ng6 38. c4 a5 39. d5 Bd7 40. bxa5 Rxa5 41. Kh2
Ra3 42. e5 cxd5 43. cxd5 Rd3 44. e6 Be8 45. Rb1 b5 46. Rc1 Rxd5 47. Ne4 Nf8 48.
Rc7+ Kh8 49. Rc8 Bg6 50. e7 1-0

[Event "Turkish Cup 2016"]
[Site "Manavgat TUR"]
[Date "2016.02.05"]
[Round "10.10"]
[White "Yurtseven, Melih"]
[Black "Sakir, Ridvan"]
[Result "1-0"]
[WhiteTitle "FM"]
[WhiteElo "2332"]
[BlackElo "2093"]
[WhiteTeam "KAYSERI"]
[BlackTeam "ADANA"]
[WhiteFideId "6312160"]
[BlackFideId "6365434"]
[EventDate "2016.01.30"]

1. Nf3 Nf6 2. b3 d5 3. Bb2 e6 4. g3 Be7 5. Bg2 O-O 6. O-O b6 7. d3 Bb7 8. Nbd2
c5 9. e4 Nc6 10. e5 Nd7 11. Re1 a5 12. a4 Qc7 13. h4 Rac8 14. Nf1 c4 15. d4 Nb4
16. Ne3 Ba6 17. bxc4 Bxc4 18. Qd2 Ba6 19. Rec1 Rfe8 20. Ne1 Qb8 21. Ba3 Nf8 22.
c3 Nc6 23. N1c2 Qa7 24. Rab1 Rc7 25. Rb3 Rec8 26. Rcb1 Bxa3 27. Nxa3 Nd7 28. h5
Ne7 29. h6 gxh6 30. Bf1 Rf8 31. Ng4 Bxf1 32. Rxf1 Rc6 33. Qxh6 Nf5 34. Qh5 Kh8
35. Kg2 Rg8 36. Rh1 Rg7 37. Nf6 Nf8 38. g4 Qe7 39. c4 h6 40. Kf1 Rxc4 41. Nxc4
dxc4 42. gxf5 Rh7 43. Rg3 1-0

[Event "Turkish Cup 2016"]
[Site "Manavgat TUR"]
[Date "2016.02.05"]
[Round "10.11"]
[White "Eminov, Orkhan"]
[Black "Daghan, Devran"]
[Result "1-0"]
[WhiteTitle "FM"]
[WhiteElo "2263"]
[BlackElo "2004"]
[WhiteTeam "ANKARA"]
[BlackTeam "KARAMAN"]
[WhiteFideId "13402153"]
[BlackFideId "6371930"]
[EventDate "2016.01.30"]

1. e4 d6 2. Nc3 g6 3. g3 Bg7 4. Bg2 c5 5. d3 Nc6 6. Nh3 Nd4 7. O-O Rb8 8. f4 b5
9. Nd5 b4 10. Bd2 h5 11. f5 gxf5 12. c3 bxc3 13. bxc3 Nc6 14. exf5 Bd7 15. Nhf4
h4 16. Qg4 Bf6 17. Nh5 Be5 18. Rae1 Bc8 19. Ng7+ Kd7 20. f6+ e6 21. Nxe6 fxe6
22. Qg7+ Nge7 23. Nxe7 Nxe7 24. Rxe5 dxe5 25. fxe7 Qg8 26. e8=Q+ Kxe8 27. Bc6+ 1-0

[Event "Turkish Cup 2016"]
[Site "Manavgat TUR"]
[Date "2016.02.05"]
[Round "10.12"]
[White "Dogan, Ali Ekber"]
[Black "Tirak, Mert"]
[Result "1-0"]
[WhiteElo "2140"]
[BlackElo "1915"]
[WhiteTeam "MALATYA"]
[BlackTeam "ADANA"]
[WhiteFideId "6304540"]
[BlackFideId "6311830"]
[EventDate "2016.01.30"]

1. d4 Nf6 2. c4 g6 3. g3 Bg7 4. Bg2 O-O 5. Nf3 d6 6. O-O c6 7. Nc3 Qa5 8. e4 Qh5
9. Ng5 Qxd1 10. Rxd1 e5 11. dxe5 dxe5 12. Be3 Na6 13. Bh3 Bxh3 14. Nxh3 h6 15.
f3 b6 16. Rd6 Rac8 17. Rad1 c5 18. Bxh6 Bxh6 19. Rxf6 Rfd8 20. Rfd6 Rxd6 21.
Rxd6 Be3+ 22. Kf1 Bd4 23. Nd5 Kf8 24. Rd7 Nb4 25. Ng5 Nxd5 26. exd5 Bxb2 27.
Rxf7+ Ke8 28. d6 Rd8 29. Re7+ Kf8 30. Ne6+ 1-0

[Event "Turkish Cup 2016"]
[Site "Manavgat TUR"]
[Date "2016.02.05"]
[Round "10.13"]
[White "Dedebas, Emre Emin"]
[Black "Demircioglu, Emre"]
[Result "1/2-1/2"]
[WhiteElo "2077"]
[BlackElo "2207"]
[WhiteTeam "MANISA"]
[BlackTeam "ISTANBUL"]
[WhiteFideId "6349005"]
[BlackFideId "6301878"]
[EventDate "2016.01.30"]

1. d4 Nf6 2. c4 e6 3. Nf3 d5 4. Nc3 Be7 5. Bf4 O-O 6. e3 b6 7. Bd3 Bb7 8. O-O c5
9. Qe2 Nbd7 10. cxd5 Nxd5 11. Bg3 cxd4 12. Nxd5 Bxd5 13. Nxd4 Nc5 14. Bc4 Bxc4
15. Qxc4 Qd7 16. Rfd1 Rfd8 17. Qc2 Rac8 18. Nf5 Qb7 19. Rxd8+ Rxd8 20. Nxe7+
Qxe7 21. Rd1 f6 22. b4 Rxd1+ 23. Qxd1 Qd7 24. Qc1 Nd3 25. Qd2 Qd5 26. h3 Qc4 27.
Kh2 e5 28. Qe2 h6 29. a3 a5 30. bxa5 bxa5 31. Qh5 a4 32. Qe8+ Kh7 33. Qd7 Nc1
34. h4 Ne2 35. h5 Nc3 36. Qf5+ Kh8 37. Kh3 Qc6 38. Bh4 Ne4 39. f3 Nc5 40. Kh2
Nd7 41. Qg6 Nb6 42. Qf7 Nd5 43. e4 Nf4 44. Bg3 Ne6 45. Bh4 Nf4 46. Bg3 Nd3 47.
Bh4 Kh7 48. Bg3 Nc5 49. Qc4 Qd6 1/2-1/2

[Event "Turkish Cup 2016"]
[Site "Manavgat TUR"]
[Date "2016.02.05"]
[Round "10.14"]
[White "Yilmaz, Goktan"]
[Black "Ererdem, Gani Eren"]
[Result "1/2-1/2"]
[WhiteElo "1990"]
[BlackElo "2152"]
[WhiteTeam "ANKARA"]
[BlackTeam "KARAMAN"]
[WhiteFideId "6354904"]
[BlackFideId "6310915"]
[EventDate "2016.01.30"]

1. e4 c5 2. Nf3 d6 3. d4 cxd4 4. Nxd4 Nf6 5. Nc3 a6 6. Be3 e6 7. f3 b5 8. Qd2
Nbd7 9. g4 Nb6 10. O-O-O Bb7 11. Qf2 Nfd7 12. Bd3 Rc8 13. Nce2 Nc5 14. Kb1 Nba4
15. b3 Nxd3 16. cxd3 Nc5 17. Ng3 Be7 18. Qb2 Rg8 19. Nde2 b4 20. d4 Nd7 21. Nf4
a5 22. Rc1 Ra8 23. Qd2 Ba6 24. d5 e5 25. Nd3 g6 26. f4 exf4 27. Bxf4 a4 28. Nxb4
axb3 29. axb3 Qa5 30. Nc6 Qa3 31. Kc2 Nc5 32. Qc3 Qa2+ 33. Kd1 Bh4 34. Ra1 Qg2
35. Re1 Nd3 36. Qxd3 Bxd3 37. Rxa8+ Kd7 38. Ra7+ Kc8 39. Ra8+ Kb7 40. Ra7+ 1/2-1/2

[Event "Turkish Cup 2016"]
[Site "Manavgat TUR"]
[Date "2016.02.05"]
[Round "10.15"]
[White "Eryigit, Yakup"]
[Black "Sevgi, Volkan"]
[Result "0-1"]
[BlackTitle "FM"]
[WhiteElo "1941"]
[BlackElo "2197"]
[WhiteTeam "BURDUR"]
[BlackTeam "MERSIN"]
[WhiteFideId "6340660"]
[BlackFideId "6325335"]
[EventDate "2016.01.30"]

1. e4 c5 2. Nc3 a6 3. f4 b5 4. g3 Bb7 5. Bg2 e6 6. Qe2 Nc6 7. Nf3 Nd4 8. Nxd4
cxd4 9. Nd1 Rc8 10. d3 Bb4+ 11. c3 dxc3 12. bxc3 Rxc3 13. O-O Rc8 14. Bb2 Nf6
15. g4 O-O 16. g5 Ne8 17. Rf3 f6 18. gxf6 Nxf6 19. Rg3 Bc5+ 20. Kh1 Qb6 21. Ne3
Bxe3 22. Rxe3 Rc2 23. Qxc2 Qxe3 24. Rf1 Rc8 25. Qd1 Rc5 26. h3 Rc8 27. Rf3 Qc5
28. Rg3 Qf2 29. Rg5 Qxb2 0-1

[Event "Turkish Cup 2016"]
[Site "Manavgat TUR"]
[Date "2016.02.05"]
[Round "10.16"]
[White "Sari, Yasin"]
[Black "Karaahmetoglu, Ege"]
[Result "1-0"]
[WhiteElo "2088"]
[BlackElo "2017"]
[WhiteTeam "ANTALYA"]
[BlackTeam "ANKARA"]
[WhiteFideId "6320902"]
[BlackFideId "6361145"]
[EventDate "2016.01.30"]

1. e4 e5 2. Nf3 Nc6 3. Bc4 Bc5 4. c3 Nf6 5. d3 d6 6. Bb3 a6 7. h3 h6 8. Nbd2 Ba7
9. Nf1 Ne7 10. Ng3 Ng6 11. d4 O-O 12. O-O exd4 13. Nxd4 Re8 14. Bc2 Bd7 15. Re1
Qe7 16. Nf3 Ne5 17. Bf4 Rad8 18. b3 Bc8 19. Qe2 Ng6 20. Be3 Bxe3 21. Qxe3 Qf8
22. Rad1 b6 23. c4 Bb7 24. Qc3 Nf4 25. b4 Bc8 26. Nd4 Bd7 27. Ndf5 Re5 28. Qd2
g5 29. Nd4 Rde8 30. Nf3 R5e7 31. c5 dxc5 32. bxc5 Bc8 33. cxb6 cxb6 34. Qd4 Qg7
35. e5 N6h5 36. Nf5 Bxf5 37. Bxf5 b5 38. Qb6 Ng6 39. e6 fxe6 40. Rxe6 Rxe6 41.
Bxe6+ Kh8 42. Bg4 Nf6 43. Qxa6 Nxg4 44. hxg4 b4 45. Rd6 Kh7 46. Qc6 Re7 47. Qc2
Rc7 48. Qb1 Rc5 49. Qxb4 Rc1+ 50. Kh2 Ne5 51. Qe4+ Ng6 52. g3 Rc8 53. Ne5 Rf8
54. Rxg6 Rxf2+ 55. Kg1 Qa7 56. Ra6+ 1-0